[Event "Coupe Niveau 3"]
[Site "www.echecsemail.com"]
[Date "2026.01.28"]
[Round "1"]
[White "Panchoa"]
[Black "Senegaulois"]
[WhiteElo "1630"]
[BlackElo "1910"]
[Result "1-0"]
1.e4 c5
2.Nb1c3 Nb8c6
3.Ng1f3 d6
4.Bf1b5 Bc8d7
5.O-O g6
6.d3 Bf8g7
7.Bb5c4 Nc6e5
8.Nf3xe5 Bg7xe5
9.Nc3d5 Be5g7
10.Bc1g5 Ng8f6
11.Qd1f3 O-O
12.Nd5f4 b5
13.Bc4d5 Ra8b8
14.a3 Nf6g4
15.h3 Ng4f6
16.Bg5xf6 Bg7xf6
17.Qf3g3 Bf6g7
18.h4 e5
19.Nf4h3 Qd8e7
20.Nh3g5 Bd7e8
21.Qg3g4 Bg7f6
22.f4 exf4
23.Rf1xf4 Be8d7
24.Qg4f3 Kg7
25.b4 h6
26.Ng5h3 Bd7e6
27.Bd5xe6 fxe6
28.Ra1e1 Bf6d4
29.Kh1 e5
30.Rf4xf8 Rb8xf8
31.Qf3g4 Qe7f6
32.Qg4d7 Rf8f7
33.Qd7xb5 Qf6xh4
34.Re1d1 g5
35.Qb5c6 g4
36.Qc6xd6 gxh3
37.Rd1d2  { temps }1-0

[Event "Défi"]
[Site "www.echecsemail.com"]
[Date "2026.01.28"]
[Round "1"]
[White "Tinenfant"]
[Black "Chomi64"]
[WhiteElo "1870"]
[BlackElo "1860"]
[Result "1-0"]
1.e4 c5
2.Ng1f3 d6
3.d4 cxd4
4.Nf3xd4 Ng8f6
5.Nb1c3 a6
6.Bf1d3 g6
7.O-O Bf8g7
8.h3 Nb8c6
9.Bc1e3 Nc6e5
10.Rf1e1 Ne5xd3
11.Qd1xd3 O-O
12.Ra1d1 Nf6d7
13.Nd4f3 Nd7e5
14.Nf3xe5 Bg7xe5
15.f4 Be5g7
16.Nc3d5 b5
17.c3 Ra8b8
18.Re1e2 e6
19.Nd5b6 Rb8xb6
20.Be3xb6 Qd8xb6
21.Kh1 Bc8b7
22.Qd3xd6 Qb6c6
23.Qd6xc6 Bb7xc6
24.Rd1d6 Bg7f6
25.Rd6xc6 { abandon }1-0

[Event "Défi( 10J+24H/c 10J Max )"]
[Site "www.echecsemail.com"]
[Date "2026.01.28"]
[Round "1"]
[White "Temistocles"]
[Black "Utopia65"]
[WhiteElo "1470"]
[BlackElo "1520"]
[Result "1-0"]
1.Ng1f3 d6
2.e4 Nb8c6
3.h3 e5
4.d4 a6
5.dxe5 Nc6e7
6.exd6 cxd6
7.e5 d5
8.b4 b5
9.a4 Ra8b8
10.axb5 axb5
11.Ra1a5 Bc8d7
12.Bc1f4 Rb8a8
13.Ra5xa8 Qd8xa8
14.Nf3d4 g6
15.Bf1xb5 Bd7xb5
16.Nd4xb5 Qa8c6
17.Qd1e2 Bf8g7
18.O-O Ne7f5
19.Nb5d6 Kf8
20.b5 Qc6d7
21.Qe2f3 Nf5e7
22.Nb1c3 Ne7f5
23.Rf1a1 Bg7h6
24.Bf4xh6 Ng8xh6
25.Nc3xd5 Nf5xd6
26.Qf3f6 Rh8g8
27.exd6 Qd7b7
28.c3 Qb7xd5
29.Ra1a7 Rg8g7
30.d7 Qd5d1
31.Kh2 Qd1d5
32.Qf6d8 1-0

[Event "Défi( 10J+24H/c 10J Max )"]
[Site "www.echecsemail.com"]
[Date "2026.01.28"]
[Round "1"]
[White "Mimi66"]
[Black "Patrick"]
[WhiteElo "1350"]
[BlackElo "1560"]
[Result "0-1"]
1.e4 e5
2.Qd1f3 d5
3.c4 d4
4.d3 Ng8f6
5.Ng1e2 Bc8g4
6.Qf3g3 Qd8d6
7.h3 Bg4xe2
8.Bf1xe2 h6
9.Nb1a3 Nb8d7
10.h4 a6
11.f3 O-O-O
12.Be2f1 Bf8e7
13.Qg3f2 Nd7c5
14.b4 Nc5e6
15.c5 Qd6c6
16.Qf2c2 Nf6d7
17.g4 b6
18.Ra1b1 bxc5
19.h5 Nd7b6
20.Bf1h3 c4
21.dxc4 d3
22.Qc2d2 Rd8d4
23.Bh3f1 Nb6xc4
24.Na3xc4 Qc6xc4
25.b5 axb5
26.Rb1b3 Rd4xe4
27.Kd1 Re4d4
28.Rb3c3 Qc4d5
29.Bf1g2 Be7b4
30.f4 e4
31.a3 Bb4a5
32.Rh1e1 f5
33.Re1e3 Ne6xf4
34.Bg2f1 fxg4
35.Bc1b2 Qd5xh5
 { temps }0-1

[Event "Marmotte chess  3"]
[Site "www.echecsemail.com"]
[Date "2026.01.28"]
[Round "1"]
[White "Abelito"]
[Black "Nuageblanc"]
[WhiteElo "1580"]
[BlackElo "1580"]
[Result "0-1"]
1.e4 e5
2.Bf1c4 Bf8c5
3.Ng1f3 Ng8f6
4.Nb1c3 d6
5.d4 exd4
6.Nf3xd4 c6
7.Nd4b3 Bc5b6
8.Bc1g5 Bc8e6
9.Nc3d5 cxd5
10.exd5 Be6d7
11.Qd1e2 Qd8e7
12.O-O Qe7xe2
13.Bc4xe2 Nf6xd5
14.Ra1e1 O-O
15.Be2f3 Bd7c6
16.c4 Nd5c7
17.Bg5f4 Nc7e8
18.Bf4e3 Ne8f6
19.Nb3d4 Bc6xf3
20.gxf3 Nb8c6
21.Nd4f5 Bb6xe3
22.fxe3 Ra8d8
23.a3 g6
24.Nf5d4 Nc6xd4
25.exd4 Rf8e8
26.d5 Re8xe1
27.Rf1xe1 Rd8e8
28.Re1f1 Kf8
29.b4 Re8e2
30.Rf1a1 Nf6g4
31.fxg4 f6
32.Ra1f1 Kg7
33.a4 b6
34.b5 h6
35.h4 g5
36.h5 Kf7
37.Rf1f5 Re2e4
38.Kf2 Re4xg4
39.Kf3 Rg4xc4
{ abandon }0-1

[Event "Eq:Les Gens du Sud-modesty :"]
[Site "www.echecsemail.com"]
[Date "2026.01.28"]
[Round "1"]
[White "Thierry7ardeche"]
[Black "Rachess"]
[WhiteElo "2100"]
[BlackElo "1530"]
[Result "1-0"]
1.e4 e6
2.d3 d5
3.Nb1d2 Nb8c6
4.Ng1f3 Bf8d6
5.g3 Ng8f6
6.Bf1g2 Bc8d7
7.O-O O-O
8.a4 a5
9.Rf1e1 Bd6c5
10.c3 dxe4
11.dxe4 Nf6g4
12.Re1e2 b6
13.Nd2c4 Qd8c8
14.h3 Ng4xf2
15.Re2xf2 Qc8b7
16.Bc1e3 Bc5xe3
17.Nc4xe3 Ra8d8
18.e5 Nc6a7
19.Qd1c2 Bd7c6
20.Nf3g5 g6
21.Bg2xc6 Na7xc6
22.Ne3g4 Kg7
23.Ra1f1 Nc6xe5
24.Ng4xe5 c5
25.Rf2xf7 Rf8xf7
26.Rf1xf7 Qb7xf7
27.Ng5xf7  { temps }1-0

[Event "Défi"]
[Site "www.echecsemail.com"]
[Date "2026.01.28"]
[Round "1"]
[White "Majula"]
[Black "Burgman"]
[WhiteElo "1590"]
[BlackElo "2000"]
[Result "0-1"]
1.d4 Ng8f6
2.Ng1f3 d5
3.Bc1f4 c6
4.a3 Bc8f5
5.e3 e6
6.Nb1c3 Nb8d7
7.h3 h6
8.g4 Bf5e4
9.Nc3xe4 Nf6xe4
10.Nf3e5 Nd7xe5
11.dxe5 Bf8e7
12.h4 Be7xh4
13.Qd1f3 Bh4xf2
14.Qf3xf2 Ne4xf2
15.Kxf2 Qd8b6
16.b4 O-O-O
17.Bf1d3 g5
18.Bf4g3 Rd8f8
19.c3 f6
20.Ke2 Kd7
21.e4 Qb6c7
22.Ra1f1 dxe4
23.Bd3xe4 Kc8
24.Rf1d1 f5
25.Be4f3 f4
26.Bg3f2 Qc7xe5
27.Kf1 Qe5b5
28.Kg2 Rf8d8
29.Bf2xa7 Rd8xd1
30.Rh1xd1 Rh8d8
31.Rd1e1 Rd8d2
32.Kh3 e5
33.Ba7c5 Qb5d3
34.Re1f1 Qd3xf1
{ abandon }0-1

[Event "Tournoi n27332"]
[Site "www.echecsemail.com"]
[Date "2026.01.28"]
[Round "1"]
[White "Verson"]
[Black "Kaspalex"]
[WhiteElo "1900"]
[BlackElo "1910"]
[Result "1/2-1/2"]
1.d4 d5
2.Ng1f3 Ng8f6
3.e3 e6
4.Bf1d3 c5
5.c3 Nb8c6
6.Nb1d2 Bf8e7
7.O-O Qd8c7
8.e4 dxe4
9.Nd2xe4 cxd4
10.cxd4 Nf6xe4
11.Bd3xe4 h6
12.Bc1e3 Be7d6
13.Ra1c1 Bc8d7
14.d5 exd5
15.Be4xd5 O-O
16.a3 Ra8c8
17.h3 Rf8d8
18.Nf3d4 Qc7b8
19.Qd1f3 Kh8
20.Qf3xf7 Nc6e5
21.Qf7h5 Bd7e8
22.Qh5e2 Bd6c5
23.Bd5e6 Be8d7
24.Be6xd7 Rd8xd7
25.Nd4f3 Ne5xf3
26.Qe2xf3 Bc5xe3
27.Qf3xe3 a6
28.Rc1xc8 Qb8xc8
29.Qe3e6 Qc8d8
30.Rf1e1 Rd7d2
31.Re1e2 Rd2xe2
32.Qe6xe2 Qd8d5
33.f3 Qd5b3
34.Qe2e8 Kh7
35.Qe8e4 Kh8
36.Qe4e8 Kh7
37.Qe8e4 { nul }1/2-1/2

[Event "Défi"]
[Site "www.echecsemail.com"]
[Date "2026.01.28"]
[Round "1"]
[White "Berjay"]
[Black "Intrigue"]
[WhiteElo "1710"]
[BlackElo "1710"]
[Result "0-1"]
1.e4 c6
2.d4 d5
3.e5 Bc8f5
4.Ng1f3 e6
5.Bf1e2 Nb8d7
6.Bc1g5 Bf8e7
7.Qd1d2 Be7xg5
8.Nf3xg5 h6
9.Ng5f3 Ng8e7
10.Nb1c3 O-O
11.h3 b5
12.b4 a5
13.bxa5 Ra8xa5
14.O-O Qd8a8
15.Qd2f4 Bf5xc2
16.Qf4h4 Ne7g6
17.Rf1c1 Ng6xh4
18.Nf3xh4 Bc2h7
19.Be2g4 b4
20.Nc3e2 Bh7d3
21.Ne2f4 Bd3c4
22.Rc1c2 c5
23.dxc5 Nd7xc5
24.Nf4h5 Nc5e4
25.f3 Qa8a7
26.Kh1 Ra5xa2
27.Rc2xa2 Ne4f2
28.Kh2 Qa7d4
29.Ra2a8 Nf2xg4
30.hxg4 Rf8xa8
31.Ra1xa8 Kh7
32.Ra8f8 Qd4xe5
33.Nh5g3 b3
34.Rf8xf7 b2
35.f4 Qe5e1
36.Ng3h5 Qe1xh4
37.Kg1 b1Q
0-1

[Event "Défi"]
[Site "www.echecsemail.com"]
[Date "2026.01.28"]
[Round "1"]
[White "Mokanne"]
[Black "Katastrofic"]
[WhiteElo "1430"]
[BlackElo "1360"]
[Result "0-1"]
1.e4 c5
2.Bf1c4 e6
3.Qd1f3 Bf8e7
4.e5 d5
5.Bc4b3 c4
6.Bb3a4 Bc8d7
7.Ba4xd7 Nb8xd7
8.Qf3e2 f6
9.exf6 Ng8xf6
10.Qe2xe6 Nd7c5
11.Qe6e2 O-O
12.Ng1f3 Rf8e8
13.O-O Be7d6
14.Qe2d1 b5
15.Nf3d4 a6
16.f3 Qd8c7
17.f4 Bd6xf4
18.Nd4e2 Bf4xh2
19.Kh1 Bh2e5
20.Qd1e1 d4
21.Qe1f2 Re8f8
22.Qf2g1 d3
23.cxd3 Nc5xd3
24.Ne2c3 Nd3xc1
25.Rf1xc1 Rf8d8
26.Rc1c2 Rd8d4
27.Nc3e2 Rd4h4
28.Qg1h2 Rh4xh2
29.Kg1 Qc7c6
30.Ne2f4 Be5xf4
31.d3 Qc6d5
32.Rc2f2 Nf6g4
33.Nb1c3 Qd5d4
34.Ra1f1 Ng4xf2
35.Rf1xf2 Bf4g3
36.Nc3e4 Ra8f8
37.Ne4xg3 Rf8xf2
38.Kxh2 cxd3
39.Kh3 d2
40.Ng3e2 Qd4d3
{ abandon }0-1

[Event "WATERLOO"]
[Site "www.echecsemail.com"]
[Date "2026.01.28"]
[Round "1"]
[White "4x4"]
[Black "Carpediem50"]
[WhiteElo "1470"]
[BlackElo "1430"]
[Result "1-0"]
1.e4 e5
2.Ng1f3 Ng8f6
3.Nf3xe5 d6
4.Ne5f3 Nf6xe4
5.d4 d5
6.Bf1d3 Bf8e7
7.O-O O-O
8.Nb1d2 Bc8f5
9.Nf3e5 Be7f6
10.Nd2xe4 Bf5xe4
11.f4 Be4xd3
12.Qd1xd3 Nb8c6
13.c3 a6
14.Ne5xc6 bxc6
15.Bc1d2 a5
16.h3 Ra8b8
17.g4 Rb8xb2
18.g5 Bf6e7
19.h4 c5
20.dxc5 Be7xc5
21.Kh1 Rb2b6
22.Kg2 Rb6b2
23.Kh3 Qd8b8
24.Qd3xd5 Qb8b6
25.c4 a4
26.Bd2c3 Rb2f2
27.a3 Qb6d6
28.Kg3 Rf2xf1
29.Ra1xf1 Bc5xa3
30.Qd5xd6 cxd6
31.Rf1a1 Ba3c5
32.Ra1xa4 Bc5e3
33.Ra4a6 g6
34.Ra6xd6 Be3c5
35.Rd6d5 Rf8c8
36.Bc3d4 Bc5xd4
37.Rd5xd4 Rc8c5
38.Kg4 Kg7
39.h5 h6
40.gxh6 { abandon }1-0

[Event "Tournoi n27393"]
[Site "www.echecsemail.com"]
[Date "2026.01.28"]
[Round "1"]
[White "Lbd26"]
[Black "Desaintfegor"]
[WhiteElo "1900"]
[BlackElo "1810"]
[Result "1-0"]
1.e4 e5
2.Bf1c4 Ng8f6
3.d4 Nf6xe4
4.dxe5 Ne4xf2
5.Bc4xf7 Kxf7
6.Qd1f3 Ke6
7.Qf3xf2 b6
8.Ng1e2 h6
9.O-O Bf8c5
10.Bc1e3 Bc5xe3
11.Qf2xe3 Qd8g5
12.Ne2f4 Ke7
13.Nb1c3 c6
14.Qe3d3 d5
15.exd6 Kd7
16.Ra1e1 Qg5c5
17.Kh1 Qc5xd6
18.Qd3g3 g5
19.Re1d1 Bc8a6
20.Rd1xd6 Kc8
21.Rf1d1 gxf4
22.Qg3g4 { abandon }1-0

[Event "Tournoi n27307"]
[Site "www.echecsemail.com"]
[Date "2026.01.28"]
[Round "1"]
[White "Cyrilf"]
[Black "Mousquetaire"]
[WhiteElo "1940"]
[BlackElo "2000"]
[Result "1-0"]
1.e4 e6
2.d4 d5
3.exd5 exd5
4.Ng1f3 Bf8d6
5.Nb1c3 c6
6.b3 Ng8e7
7.Bc1b2 Bc8f5
8.Bf1d3 O-O
9.Bd3xf5 Ne7xf5
10.O-O Nb8d7
11.Rf1e1 Nd7f6
12.h3 Rf8e8
13.Qd1d3 Qd8d7
14.Nf3e5 Qd7c8
15.Re1e2 Nf5e7
16.Ra1e1 Qc8c7
17.Re2e3 Qc7a5
18.a4 a6
19.Qd3e2 h6
20.Ne5g4 Nf6xg4
21.Qe2xg4 Qa5c7
22.Bb2c1 Qc7c8
23.Qg4f3 Bd6b4
24.Bc1d2 Qc8d7
25.Nc3b1 Bb4d6
26.Bd2c1 Ne7g6
27.Qf3e2 Re8xe3
28.Qe2xe3 Kf8
29.a5 Ra8e8
30.Qe3xe8 Qd7xe8
31.Re1xe8 Kxe8
32.Nb1c3 Bd6b4
33.Nc3a4 Ng6e7
34.Na4c5 Bb4xa5
35.Nc5xb7 Ba5c7
36.g4 Ne7c8
37.Bc1d2 Nc8d6
38.Nb7c5 Nd6b5
39.Nc5xa6 Bc7b6
40.c3 Kd7
41.Kg2 Nb5a3
42.Na6b8 Kd6
43.Bd2f4 { abandon }1-0

[Event "Tournoi n27358"]
[Site "www.echecsemail.com"]
[Date "2026.01.28"]
[Round "1"]
[White "Chessmat"]
[Black "Buzz84"]
[WhiteElo "1299"]
[BlackElo "1500"]
[Result "1-0"]
1.e4 c6
2.d4 d5
3.Nb1c3 e6
4.e5 Bf8e7
5.Ng1f3 Ng8h6
6.Bf1d3 Nb8d7
7.Bc1e3 f5
8.Qd1d2 Nd7f8
9.Be3xh6 g6
10.Bh6g5 Bc8d7
11.Bg5xe7 Qd8xe7
12.Qd2g5 Qe7b4
13.Ra1b1 h6
14.Qg5d2 O-O-O
15.a3 Qb4e7
16.Nc3a4 Kb8
17.Qd2a5 Bd7c8
18.Na4c5 b6
19.Nc5a6 Kb7
20.Qa5b4 Qe7d7
21.Na6c5 Kc7
22.Nc5xd7 Nf8xd7
23.Qb4d6 Kb7
24.Qd6b4 Nd7b8
25.a4 a5
26.Qb4c3 Bc8d7
27.b4 b5
28.axb5 cxb5
29.bxa5 Rd8c8
30.a6 Kxa6
31.Qc3a3 Kb7
32.Bd3xb5 Kc7
33.Qa3a5 { abandon }1-0

[Event "Tournoi n27408"]
[Site "www.echecsemail.com"]
[Date "2026.01.28"]
[Round "1"]
[White "Wenoketo"]
[Black "Verson"]
[WhiteElo "1720"]
[BlackElo "1850"]
[Result "0-1"]
1.d4 d5
2.Ng1f3 Ng8f6
3.Bc1f4 e6
4.h3 Bf8d6
5.Bf4xd6 Qd8xd6
6.Nb1c3 c6
7.e3 Nb8d7
8.Bf1e2 O-O
9.O-O e5
10.dxe5 Nd7xe5
11.Nf3xe5 Qd6xe5
12.a3 Qe5g5
13.Kh1 Bc8f5
14.Rf1g1 Qg5h6
15.Kh2 Rf8e8
16.Ra1c1 Nf6e4
17.Nc3xe4 Bf5xe4
18.Be2f3 Qh6d6
19.Kh1 Be4xf3
20.Qd1xf3 Re8e6
21.g4 Ra8e8
22.Rc1d1 Qd6e5
23.c3 Qe5e4
24.Qf3xe4 Re6xe4
25.Rd1d4 Re4xd4
26.cxd4 f6
27.b4 Re8e4
28.Kh2 Kf7
29.Rg1e1 g6
30.Kg3 f5
31.gxf5 gxf5
32.f3 Re4e8
33.Kf2 Re8g8
34.a4 Kf6
35.f4 h5
36.h4 Rg8g4
37.Re1h1 Ke6
38.Rh1h2 Kd6
39.Ke2 b6
40.Kd3 c5
41.dxc5 bxc5
42.bxc5 Kxc5
43.Rh2c2 Kd6
44.Rc2h2 Kc5
45.Rh2c2 Kd6
46.Rc2h2 Kc5
47.Rh2c2 Kd6
48.Rc2h2 Kc5
49.Rh2c2 Kd6
50.Rc2h2 Rg4g1
51.Kc3 Kc5
52.Rh2h3 Rg1a1
53.Kb3 a5
54.Rh3h2 Ra1g1
55.Rh2c2 Kb6
56.Rc2h2 Rg1g3
57.Kc3 Rg3xe3
58.Kd4 Re3e4
59.Kxd5 Re4xf4
60.Ke5 Rf4xa4
61.Kxf5 Ra4b4
62.Kg5 Rb4b5
63.Kh6 a4
64.Rh2a2 Ka5
65.Kg6 Kb4
66.Ra2b2 Kc4
67.Rb2c2 Kb3
{ abandon }0-1

[Event "Suisse Sep25 R9"]
[Site "www.echecsemail.com"]
[Date "2026.01.28"]
[Round "1"]
[White "Maxchess"]
[Black "Teaspoon"]
[WhiteElo "2210"]
[BlackElo "2000"]
[Result "1/2-1/2"]
1.e4 c5
2.Ng1f3 d6
3.d4 cxd4
4.Nf3xd4 Ng8f6
5.Nb1c3 g6
6.Bf1e2 Bf8g7
7.Bc1e3 Nb8c6
8.O-O O-O
9.a3 d5
10.exd5 Nf6xd5
11.Nc3xd5 Qd8xd5
12.Be2f3 Qd5c4
13.Nd4xc6 bxc6
14.c3 Qc4b5
15.a4 { nul }1/2-1/2

[Event "Défi"]
[Site "www.echecsemail.com"]
[Date "2026.01.28"]
[Round "1"]
[White "Jpjay"]
[Black "Breton"]
[WhiteElo "1620"]
[BlackElo "1980"]
[Result "0-1"]
1.Ng1f3 d5
2.d4 Ng8f6
3.g3 e6
4.Bf1g2 c5
5.Nb1c3 Nb8c6
6.O-O cxd4
7.Nf3xd4 Bf8c5
8.Nd4xc6 bxc6
9.a3 O-O
10.Bc1g5 h6
11.Bg5f4 Rf8e8
12.Bf4e5 Nf6g4
13.Be5d4 Bc5d6
14.e4 e5
15.Bd4e3 d4
16.Be3d2 dxc3
17.Bd2xc3 a5
18.Bg2f3 Ra8a7
19.Bf3xg4 Qd8e7
20.Qd1f3 Bc8a6
21.Rf1d1 Bd6c5
22.Rd1d7 Ra7xd7
23.Bg4xd7 Qe7xd7
24.Ra1d1 Qd7a7
25.Bc3e1 Re8b8
26.Rd1b1 Qa7e7
27.c3 Bc5xa3
28.b4 axb4
29.cxb4 Ba3xb4
30.Qf3b3 Bb4d6
31.Qb3a2 Rb8xb1
32.Qa2xb1 Qe7b7
33.Qb1d1 Bd6c5
34.Be1c3 Qb7b6
35.Qd1d2 Bc5d4
36.Bc3xd4 Qb6xd4
37.Qd2a5 Ba6b5
38.Qa5a8 Kh7
39.Qa8c8 Qd4xe4
40.f3 Qe4e1
{ abandon }0-1

[Event "Défi"]
[Site "www.echecsemail.com"]
[Date "2026.01.28"]
[Round "1"]
[White "Joelcouturier"]
[Black "Anumisme"]
[WhiteElo "1150"]
[BlackElo "1220"]
[Result "1-0"]
1.e4 e5
2.Ng1f3 Nb8c6
3.Nb1c3 Bf8b4
4.Bf1c4 h6
5.O-O d6
6.a3 Bc8g4
7.axb4 Nc6d4
8.Bc4e2 Nd4xf3
9.Be2xf3 Bg4e6
10.d3 Ng8e7
11.b5 b6
12.Bc1e3 g5
13.Bf3h5 g4
14.d4 Be6c4
15.Rf1e1 Qd8d7
16.b3 Bc4e6
17.d5 O-O-O
18.Ra1xa7 f6
19.Ra7a8 Kb7
20.Ra8a3 Be6g8
21.Qd1a1 Ne7c8
22.f3 gxf3
23.Bh5xf3 Bg8f7
24.Ra3a6 Bf7g6
25.h3 Bg6f7
26.Bf3g4 Qd7xb5
27.Nc3xb5 Bf7g6
28.c4 h5
29.Bg4e6 Bg6xe4
30.Ra6a7 Kb8
31.Re1e2 Nc8e7
32.Ra7a8 Kb7
33.Qa1a7 1-0

[Event "Défi"]
[Site "www.echecsemail.com"]
[Date "2026.01.28"]
[Round "1"]
[White "Intrigue"]
[Black "Riothamus"]
[WhiteElo "1750"]
[BlackElo "1690"]
[Result "1-0"]
1.d4 d5
2.c4 Ng8f6
3.Nb1c3 e6
4.Ng1f3 c5
5.e3 Nb8d7
6.cxd5 exd5
7.dxc5 Bf8xc5
8.Bf1d3 O-O
9.O-O Nd7b6
10.a3 Qd8c7
11.h3 Rf8e8
12.b4 Bc5d6
13.Bc1b2 Bc8e6
14.Ra1c1 Qc7d7
15.Bd3b5 Qd7c8
16.Bb5xe8 Qc8xe8
17.Rf1e1 Qe8d7
18.Nf3d4 Be6xh3
19.gxh3 Qd7xh3
20.Nd4f3 Nb6c4
21.Rc1c2 Nf6g4
22.Nc3xd5 Bd6h2
23.Nf3xh2 Qh3xh2
24.Kf1 Ra8d8
25.Nd5e7 Kf8
26.Qd1xd8 1-0

[Event "Défi"]
[Site "www.echecsemail.com"]
[Date "2026.01.28"]
[Round "1"]
[White "Vvvv"]
[Black "Dan84"]
[WhiteElo "1680"]
[BlackElo "1620"]
[Result "0-1"]
1.e4 e5
2.Ng1f3 Qd8e7
3.Bf1c4 c6
4.a3 b5
5.Bc4b3 Bc8b7
6.d3 h6
7.c4 a6
8.O-O d6
9.Rf1e1 Nb8d7
10.Nb1d2 g5
11.Nd2f1 O-O-O
12.Nf1g3 Qe7f6
13.Ng3h5 Qf6e7
14.cxb5 cxb5
15.Bc1e3 Kb8
16.Ra1c1 Nd7c5
17.Bb3d5 Ng8f6
18.Be3xc5 dxc5
19.Nh5xf6 Qe7xf6
20.Bd5xb7 Kxb7
21.Qd1b3 Kb6
22.a4 b4
23.Qb3c4 Ka5
24.Rc1a1 Qf6e7
25.b3 Rd8d7
26.Re1e3 g4
27.Nf3e1 Rd7d4
28.Qc4c2 h5
29.f3 Qe7g5
30.Qc2f2 f5
31.h4 gxh3
32.g3 f4
33.Kh2 fxe3
34.Qf2g1 Rh8g8
35.g4 hxg4
36.fxg4 Qg5f4
37.Qg1g3 Rg8xg4
38.Qg3xf4 Rg4xf4
39.Kxh3 Rf4f2
40.Kg4 Rd4d7
{ abandon }0-1

[Event "Tournoi n27365"]
[Site "www.echecsemail.com"]
[Date "2026.01.28"]
[Round "1"]
[White "Verson"]
[Black "Jyfsk"]
[WhiteElo "1830"]
[BlackElo "1780"]
[Result "0-1"]
1.d4 Ng8f6
2.Ng1f3 e6
3.e3 Bf8e7
4.Bf1d3 O-O
5.O-O b6
6.Nb1d2 Bc8b7
7.e4 d6
8.c3 Nb8d7
9.Rf1e1 c6
10.Nd2f1 b5
11.Bc1f4 g6
12.Qd1d2 Nf6h5
13.Bf4g3 Nh5xg3
14.hxg3 Nd7b6
15.Nf1h2 a5
16.e5 d5
17.Nh2g4 Kg7
18.Qd2h6 Kg8
19.Nf3h2 Be7g5
20.Qh6h3 Nb6c4
21.Bd3xc4 dxc4
22.Ng4h6 Bg5xh6
23.Nh2g4 Bh6g7
24.Qh3h4 Qd8xh4
25.gxh4 Ra8d8
26.Ng4f6 Bg7xf6
27.exf6 Rd8d5
28.Re1e5 Rd5xe5
29.dxe5 Rf8d8
30.Kf1 c5
31.Ke2 Bb7xg2
32.f4 Bg2e4
33.Ra1d1 Be4f3
{ abandon }0-1

[Event "WATERLOO"]
[Site "www.echecsemail.com"]
[Date "2026.01.28"]
[Round "1"]
[White "Carpediem50"]
[Black "4x4"]
[WhiteElo "1430"]
[BlackElo "1470"]
[Result "0-1"]
1.e4 e5
2.Ng1f3 Ng8f6
3.Nf3xe5 d6
4.Ne5f3 Nf6xe4
5.d4 d5
6.Bf1d3 Bf8e7
7.O-O O-O
8.a3 Bc8f5
9.Nb1c3 Be7h4
10.Bd3xe4 Bf5xe4
11.Nc3xe4 dxe4
12.Nf3xh4 Qd8xh4
13.Bc1e3 Qh4e7
14.b4 f5
15.c4 Nb8d7
16.Qd1d2 b6
17.c5 Nd7f6
18.Be3g5 Qe7e6
19.Ra1c1 b5
20.c6 h6
21.Bg5xf6 Qe6xf6
22.Rc1c5 Rf8d8
23.Qd2f4 Rd8xd4
24.Rc5xb5 Ra8c8
25.Qf4e5 Qf6xe5
26.Rb5xe5 g6
27.b5 Rd4d6
28.h4 Kf7
29.f3 exf3
30.Rf1xf3 Rc8d8
31.Kh2 Rd6d5
32.Re5xd5 Rd8xd5
33.Kg3 Rd5xb5
34.a4 Rb5c5
35.h5 Rc5xc6
36.hxg6 Rc6xg6
37.Kf4 Kf6
38.g3 Rg6g4
39.Ke3 Rg4xa4
{ abandon }0-1

[Event "Tournoi n27369"]
[Site "www.echecsemail.com"]
[Date "2026.01.28"]
[Round "1"]
[White "Wenoketo"]
[Black "Jm29"]
[WhiteElo "1630"]
[BlackElo "1510"]
[Result "1-0"]
1.d4 d5
2.Ng1f3 Nb8c6
3.Bc1f4 f6
4.Nb1d2 e6
5.h3 Bf8b4
6.c3 Bb4d6
7.Bf4xd6 cxd6
8.e3 Ng8e7
9.Bf1b5 O-O
10.Bb5e2 e5
11.Nf3g1 e4
12.Be2b5 a6
13.Bb5a4 b5
14.Ba4c2 h6
15.Ng1e2 Ne7g6
16.O-O Ng6h4
17.Ne2f4 f5
18.Nf4xd5 Qd8g5
19.Nd5f4 Nc6e7
20.Qd1h5 Qg5f6
21.Bc2b3 Kh8
22.Qh5d1 Ne7g6
23.Nf4e2 Qf6g5
24.Ne2g3 f4
25.Nd2xe4 Qg5d8
26.Ng3h5 fxe3
27.fxe3 Nh4f5
28.Bb3d5 Nf5xe3
29.Rf1xf8 Qd8xf8
30.Qd1f3 Qf8xf3
31.gxf3 Bc8xh3
32.Bd5xa8 Ng6h4
33.Ne4xd6 Ne3c2
34.Ra1c1 Nh4g6
35.Rc1xc2 Bh3e6
36.d5 Be6h3
37.Rc2e2 Ng6f8
38.Re2e8 Kg8
39.Nd6e4 Bh3d7
40.Re8d8 Bd7h3
41.d6 { abandon }1-0

[Event "1001"]
[Site "www.echecsemail.com"]
[Date "2026.01.28"]
[Round "1"]
[White "Katastrofic"]
[Black "4x4"]
[WhiteElo "1380"]
[BlackElo "1490"]
[Result "1-0"]
1.e4 e5
2.Bf1c4 d6
3.d3 Bc8e6
4.Bc4xe6 fxe6
5.Ng1f3 Nb8c6
6.O-O Qd8d7
7.a3 O-O-O
8.b4 Ng8f6
9.c4 b6
10.b5 Nc6d4
11.Nf3xd4 exd4
12.Bc1g5 Bf8e7
13.Bg5xf6 gxf6
14.Nb1d2 c5
15.a4 e5
16.f4 Rd8g8
17.f5 Rg8g5
18.Nd2f3 Rg5g7
19.Ra1a2 Rh8g8
20.Rf1f2 Be7f8
21.Qd1f1 h5
22.a5 Rg7h7
23.Nf3h4 Bf8h6
24.axb6 axb6
25.Ra2a8 Kc7
26.Ra8xg8 Bh6e3
27.Rg8g6 Rh7f7
28.Qf1a1 Qd7c8
29.Qa1a7 Qc8b7
30.Qa7xb7 Kxb7
31.Kf1 Be3g5
32.Nh4f3 Bg5e3
33.Rf2e2 Be3g5
34.Nf3xg5 fxg5
35.Rg6xg5 Kc7
36.Rg5xh5 Kd7
37.Re2f2 Rf7g7
38.Rf2f3 Ke8
39.Rh5h8 Kf7
40.Rh8b8 Kf6
41.Rb8xb6 Rg7h7
42.Rb6xd6 Ke7
43.Rd6e6 Kf7
44.Re6xe5 Rh7xh2
45.Kg1 Rh2h8
46.Re5xc5 Rh8a8
47.b6 Ra8b8
48.Rc5c6 Rb8a8
49.c5 Ra8a3
50.b7 Ra3b3
51.Rc6c7 Kf6
52.c6 Ke5
53.Rc7c8 Kd6
54.b8Q Kc5
55.Qb8e5 Kb4
56.Rc8b8 Kc3
57.Qe5a5 Kc2
58.Rf3f2 Kxd3
59.Rb8xb3 Kxe4
60.Rb3f3 d3
61.Rf3f4 Ke3
62.Qa5d2 1-0

[Event "Défi"]
[Site "www.echecsemail.com"]
[Date "2026.01.28"]
[Round "1"]
[White "Baloo"]
[Black "Voyageur"]
[WhiteElo "1470"]
[BlackElo "1620"]
[Result "0-1"]
1.e4 g6
2.d3 d6
3.Nb1c3 b6
4.Ng1f3 Nb8d7
5.Bf1e2 Bf8g7
6.Bc1d2 Bc8b7
7.O-O Ng8f6
8.g3 O-O
9.Bd2e3 c5
10.a3 c4
11.b4 cxd3
12.cxd3 Nf6g4
13.Be3d2 Nd7e5
14.Kg2 a6
15.Nf3xe5 Ng4xe5
16.Bd2e3 b5
17.Qd1b3 Ra8c8
18.Ra1c1 Qd8d7
19.a4 Bb7c6
20.a5 Bc6b7
21.Rf1d1 Ne5c6
22.Be2f1 Nc6e5
23.Kg1 Bb7c6
24.Bf1g2 e6
25.d4 Ne5c4
26.Be3f4 e5
27.dxe5 Nc4xe5
28.Qb3b1 Qd7e6
29.Rd1d2 Ne5c4
30.Rd2e2 Bc6b7
31.Rc1d1 Bg7xc3
32.Rd1d3 Bc3g7
33.Qb1d1 Nc4b2
34.Qd1d2 Nb2xd3
35.Qd2xd3 Rf8d8
36.Qd3a3 Bg7c3
37.Re2e3 Bc3d4
38.Re3e2 Rc8c3
39.Qa3a2 d5
40.Qa2d2 Rc3c4
41.Bg2f3 Bd4c3
42.Qd2a2 dxe4
43.Bf3g2 Bc3xb4
44.Qa2a1 Qe6c6
45.Bf4h6 Rc4c1
{ abandon }0-1

[Event "Tournoi n27413"]
[Site "www.echecsemail.com"]
[Date "2026.01.28"]
[Round "1"]
[White "Picasso"]
[Black "Hinnol"]
[WhiteElo "2080"]
[BlackElo "1990"]
[Result "0-1"]
1.d4 Ng8f6
2.Nb1c3 e6
3.Bc1f4 c5
4.e3 Qd8a5
5.Qd1d2 a6
6.Ng1f3 cxd4
7.exd4 Bf8b4
8.Bf1d3 Nf6d5
{ abandon }0-1

[Event "2601"]
[Site "www.echecsemail.com"]
[Date "2026.01.28"]
[Round "1"]
[White "Katastrofic"]
[Black "4x4"]
[WhiteElo "1410"]
[BlackElo "1470"]
[Result "0-1"]
1.e4 e5
2.Bf1c4 d6
3.h3 Bc8e6
4.Bc4xe6 fxe6
5.Ng1f3 Nb8c6
6.d3 Qd8d7
7.O-O O-O-O
8.a3 Nc6d4
9.Nf3xd4 exd4
10.b4 e5
11.Bc1b2 Ng8f6
12.Nb1d2 Bf8e7
13.Nd2f3 b6
14.Bb2c1 c5
15.Bc1g5 h6
16.Bg5xf6 gxf6
17.Nf3h4 Rd8g8
18.Nh4f5 Kb7
19.f3 cxb4
20.axb4 Rg8e8
21.Qd1d2 Qd7b5
22.Rf1b1 Be7f8
23.Rb1b3 h5
24.Ra1a4 Qb5xa4
{ abandon }0-1

[Event "2601"]
[Site "www.echecsemail.com"]
[Date "2026.01.28"]
[Round "1"]
[White "4x4"]
[Black "Katastrofic"]
[WhiteElo "1470"]
[BlackElo "1410"]
[Result "1-0"]
1.e4 c5
2.d3 e6
3.Bc1e3 Bf8e7
4.Ng1f3 d6
5.Nb1c3 Ng8f6
6.Qd1d2 O-O
7.O-O-O b6
8.Bf1e2 e5
9.Nc3d5 Nf6xd5
10.exd5 Bc8b7
11.c4 Nb8a6
12.h4 f5
13.Nf3g5 Na6b4
14.a3 Nb4a6
15.Ng5e6 Qd8c8
16.Ne6xf8 Qc8xf8
17.Be3g5 Be7xg5
18.hxg5 g6
19.g3 Ra8e8
20.Be2f3 f4
21.gxf4 Qf8xf4
22.Qd2xf4 exf4
23.Bf3e4 Bb7c8
24.f3 Re8e5
25.Rh1g1 Bc8f5
26.b4 Bf5xe4
27.dxe4 cxb4
28.axb4 Na6xb4
29.Rg1g4 a5
30.Rg4xf4 a4
31.Rf4f6 Re5xg5
32.Rf6xd6 Rg5g3
33.Rd6xb6 { abandon }1-0

[Event "Tournoi échelle division 1"]
[Site "www.echecsemail.com"]
[Date "2026.01.28"]
[Round "1"]
[White "Luc20"]
[Black "Verson"]
[WhiteElo "1820"]
[BlackElo "1820"]
[Result "0-1"]
1.d4 d5
2.Ng1f3 Ng8f6
3.c4 e6
4.Bc1g5 h6
5.Bg5h4 c6
6.e3 Nb8d7
7.b4 Bf8xb4
8.Nb1c3 Bb4xc3
{ abandon }0-1

[Event "Eq:Les Gens du Sud-Les enfants de l Atlantide :"]
[Site "www.echecsemail.com"]
[Date "2026.01.28"]
[Round "1"]
[White "Sorim"]
[Black "Bassdark"]
[WhiteElo "2040"]
[BlackElo "2040"]
[Result "1-0"]
1.d4 Ng8f6
2.Ng1f3 d5
3.e3 Bc8g4
4.Bf1d3 e6
5.b3 Bf8d6
6.Bc1b2 Nb8d7
7.Nb1d2 O-O
8.O-O c5
9.dxc5 Nd7xc5
10.Bd3e2 Ra8c8
11.h3 Bg4h5
12.c4 Nc5e4
13.cxd5 exd5
14.Ra1c1 Qd8a5
15.Nd2xe4 Nf6xe4
16.a4 Bh5xf3
17.Be2xf3 Ne4d2
18.Rc1xc8 Rf8xc8
19.Rf1e1 Nd2xf3
20.gxf3 Rc8c2
21.Bb2d4 Bd6a3
22.Qd1xc2 Qa5xe1
23.Kg2 Qe1c1
24.Qc2xc1 Ba3xc1
25.Bd4c3 f5
26.f4 Kf7
27.a5 g6
28.h4 Ke6
29.Kf3 a6
30.Ke2 Bc1a3
31.b4 Kd6
32.Kd3 Ke6
33.Kc2 h5
34.Bc3d2 d4
35.exd4 Kd5
36.Kb3 Ba3xb4
37.Kxb4 Kxd4
38.Bd2e3 Kd5
39.Kb3 Ke4
40.Kc4 Kf3
41.Kc5 Kg4
42.Kb6 Kxh4
43.Be3c5 Kg4
44.Bc5e7 Kxf4
45.Kxb7 g5
46.Kxa6 h4
47.Kb6 h3
48.a6 Kf3
49.a7 h2
50.a8Q Kxf2
51.Be7xg5 f4
52.Bg5xf4 Kg1
53.Bf4e3 Kf1
54.Qa8f3 { abandon }1-0